| 000 | 02426nam a22002297a 4500 | ||
|---|---|---|---|
| 003 | OSt | ||
| 005 | 20210222154108.0 | ||
| 008 | 210222s1996 mx ||||gr|||| 00| 0 spa d | ||
| 020 | _a9684320655 | ||
| 040 |
_aCO-JMCR _cCO-JMCR |
||
| 041 | 0 | _aspa | |
| 082 | 0 | 4 |
_a301 / _bR294t _223 |
| 100 |
_aRecaséns Siches, Luis, _d1903-1977 _eautor _913781 |
||
| 245 | 1 |
_aTratado general de sociología / _cLuis Recasens Siches |
|
| 250 | _aVigesimoquinta edición | ||
| 260 |
_aMéxico : _bPorrua, _c1996 |
||
| 300 |
_a682 páginas ; _c23 cm. |
||
| 505 | 0 | _aObjetivo y propósito de la sociología, sus diferencias y relaciones con otras disciplinas -- Las funciones practicas de la sociología -- Precedentes, fundación y primeros pasos de la sociología -- Las varias experiencias de lo social -- La sociología como ciencia de determinados hechos humanos con sentido -- El problema de la definición de lo social -- Estudio del hombre como instrucción al estudio de la sociedad. la personalidad individual y sus ingredientes sociales -- El supuesto y la base de las relaciones interhumanas. Esencialidad y función de los social -- La cultura y su función en la sociedad. Cultura objetiva, cultura subjetiva, cultura como herencia y patrimonio cultural -- Modos colectivos de conducta, creencias, usos, costumbres, ritos, símbolos, etc. -- El control social -- La socialización de la conducta. la mentalidad colectiva individuo y sociedad -- El progreso y el cambio social -- Los factores físicos y la vida social -- Condiciones y factores biológicos y factores psicológicos -- Raza y sociología -- La interacción social. Las relaciones sociales -- Relaciones y procesos sociales en general -- Procesos asociativos -- Procesos sociales de oposición y disociativos -- Formaciones, complejos o grupos sociales. Sus diversos tipos. Clasificaciones varias -- Las muchedumbre -- Grupos sociales permanentes no organizados. Circulo y clases sociales -- Los entes colectivos institucionales, en general -- La familia -- La comunidad local. Sociología rural y sociología urbana -- La nación -- Sociología de la cultura y de la historia -- La dinámica socio-cultural-historia -- Sociología del lenguaje -- Sociología del conocimiento o del saber -- Sociología del derecho Técnica y sociedad -- Sociología del arte | |
| 650 | 1 | 4 |
_aSociología _913782 |
| 650 | 1 | 4 |
_aDefinición de los social _913783 |
| 942 |
_2ddc _cBK |
||
| 999 |
_c7281 _d7281 |
||